Ekonometrické pozorovanie vývoja verejných financií v podmienkach Slovenskej republiky

Vplyv vývoja verejných financií na HDP v našich podmienkach. Vývoj ukazovateľov (HDP, výdavky, príjmy) v Slovenskej republike v období rokov 1995-2013. Jednoduchý regresný model pomocou programu Gretl. Analýza citlivosti verejných výdavkov a verejných príjmov. Odporúčania na možnosti zlepšenia a zef...

Ausführliche Beschreibung

Gespeichert in:
Bibliographische Detailangaben
1. Verfasser: Brindzová, Zuzana
Format: Buchkapitel
Sprache:Slowakisch
Schlagworte:
Tags: Tag hinzufügen
Keine Tags, Fügen Sie das erste Tag hinzu!

MARC

LEADER 00000nla a2200000 4500
001 0211285
005 20240502073525.3
041 0 |a slo 
044 |a SK 
245 1 0 |a Ekonometrické pozorovanie vývoja verejných financií v podmienkach Slovenskej republiky  |c Zuzana Brindzová 
520 |a Vplyv vývoja verejných financií na HDP v našich podmienkach. Vývoj ukazovateľov (HDP, výdavky, príjmy) v Slovenskej republike v období rokov 1995-2013. Jednoduchý regresný model pomocou programu Gretl. Analýza citlivosti verejných výdavkov a verejných príjmov. Odporúčania na možnosti zlepšenia a zefektívnenia hospodárenia a financovania verejnej správy v podmienkach Slovenskej republiky. 
610 2 0 |a financie verejné 
610 2 0 |a rozpočty verejné 
610 2 0 |a dlhy verejné 
610 2 0 |a deficit 
610 2 0 |a Slovensko 
610 2 0 |a analýza regresná 
610 2 0 |a produkt domáci hrubý 
610 2 0 |a výdavky verejné 
610 2 0 |a príjmy 
100 1 |a Brindzová, Zuzana